01384nam a2200337 a 4500001001200000003000800012006001900020007001500039008004100054020001800095020001800113040002100131035002100152050002500173100002500198245019500223260003500418300005200453500002900505504005300534533015200587650002000739650003600759655002900795700002000824700002200844700002000866710001700886856012600903999001701029ebr10276401CaPaEBRm u cr cn|||||||||090508s2008 ne abf sb 001 0 eng d z9780123838537 z9780080557847 aCaPaEBRcCaPaEBR a(OCoLC)25970903314aQL713.2b.J44 2008eb1 aJefferson, Thomas A.10aMarine mammals of the worldh[electronic resource] :ba comprehensive guide to their identification /cThomas A. Jefferson, Marc A. Webber, Robert L. Pitman ; illustrations by Brett Jarrett. aAmsterdam :bElsevier,cc2008. axii, 573 p., 2 p. of col. plates :bill., maps. aTwo columns to the page. aIncludes bibliographical references and indexes. aElectronic reproduction.bPalo Alto, Calif. :cebrary,d2013.nAvailable via World Wide Web.nAccess may be limited to ebrary affiliated libraries. 0aMarine mammals. 0aMarine mammalsvIdentification. 7aElectronic books.2local1 aWebber, Marc A.1 aPitman, Robert L.1 aJarrett, Brett.2 aebrary, Inc.40uhttp://site.ebrary.com/lib/rucke/Doc?id=10276401zAn electronic book accessible through the World Wide Web; click to view c20308d20308